Largest cities starting with W in each country - Statistics

General Stats
  • This quiz has been taken 28 times
  • The average score is 10 of 86
Answers on the Map
Answers color-coded by a green-red scale on the quiz's map according to % correct below.
 
Answer Stats
Country Population Answer % Correct
Ghana 200,700 Wa
100%
Poland 1,863,100 Warsaw
100%
(The) United States of America 679,000 Washington D.C.
100%
Canada 749,600 Winnipeg
88%
China 13,739,000 Wuhan
79%
New Zealand 215,200 Wellington
71%
Namibia 486,200 Windhoek
58%
Germany 358,900 Wuppertal
42%
Barbados 100 Waterford
38%
Ireland 60,100 Waterford
38%
Australia 280,200 Wollongong
38%
Sierra Leone 55,000 Waterloo
25%
Nigeria 363,400 Warri
17%
Switzerland 111,800 Winterthur
17%
Japan 351,400 Wakayama
13%
(The) United Kingdom 362,400 Wakefield
13%
Belgium 38,300 Waregem
13%
Austria 61,200 Wels
13%
India 811,800 Warangal
8%
France 40,800 Wattrelos
8%
South Africa 431,900 Welkom
8%
Luxembourg 7,900 Wiltz
8%
North Korea 363,100 Wonsan
8%
Suriname 2,900 Wageningen
4%
Kuwait 28,200 Waha
4%
Pakistan 379,500 Wah Cantt
4%
Honduras 5,800 Wampusirpi
4%
Taiwan 49,300 Wandan
4%
Bolivia 31,000 Warnes
4%
(The) Bahamas 13,600 West End
4%
Belize 1,300 Western Paradise
4%
Argentina 65,900 Wilde
4%
Nicaragua 15,100 Wiwilí
4%
(The) Netherlands 52,700 Woerden
4%
South Korea 364,900 Wonju
4%
Libya 28,000 Waddan
0%
Saudi Arabia 106,200 Wadi ad-Dawasir
0%
Israel 13,000 Wadi al-Joz
0%
Qatar 500 Wadi Al Sail
0%
Jordan 241,800 Wadi al-Seer
0%
Syria 3,400 Wadi al-Uyun
0%
Palestine 6,700 Wadi as-Salqa
0%
Egypt 88,400 Wadi El Natrun
0%
Sudan 416,000 Wad Madani
0%
Tajikistan 20 Waghinzoy
0%
Kenya 90,100 Wajir
0%
Togo 100 Wakade
0%
Guyana 1,800 Wakapau
0%
Myanmar 42,700 Wakema
0%
Uganda 87,900 Wakiso
0%
Nepal 51,200 Waling
0%
(The) Comoros 2,500 Wanani
0%
Bhutan 9,000 Wangdue Phodrang
0%
Benin 7,200 Wansirou
0%
South Sudan 309,900 Wanyjok
0%
(The) Philippines 50,400 Wao
0%
Thailand 31,700 Warin Chamrap
0%
Bangladesh 125,000 Wari Thana
0%
Mali 51,700 Wassoulou-Ballé
0%
Indonesia 26,900 Way Tuba
0%
Afghanistan 46,600 Wazakhwa
0%
Djibouti 4,700 We'a
0%
Ethiopia 98,900 Weldiya
0%
Sri Lanka 41,300 Welisara
0%
Burkina Faso 1,100 Wemtenga
0%
F.S. Micronesia 13,800 Weno
0%
Botswana 3,300 Werda
0%
Dominica 1,900 Wesley
0%
Grenada 11,000 Westerhall
0%
Trinidad & Tobago 3,500 Westmoorings
0%
Liberia 34,600 West Point
0%
Serbia 18,400 West Vračar
0%
Tanzania 36,000 Wete
0%
Papua New Guinea 25,100 Wewak
0%
Lesotho 3,200 White-Hill
0%
Jamaica 4,000 White House
0%
(The) Solomon Islands 4,000 White River
0%
Vanuatu 7,700 Whitesands
0%
Antigua & Barbuda 1,300 Willikies
0%
Zimbabwe 2,500 Willowvale
0%
Somalia 75,000 Wisil
0%
Singapore 2,400 Woodleigh
0%
Côte d'Ivoire 5,600 Wora
0%
Chad ~300 Wour
0%
Oman 7,500 Wudam as-Sahil
0%
Cameroon 26,100 Wum
0%
No matching quizzes found
Score Distribution
Percent of People with Each Score
Percentile by Number Answered
Your Score History
You have not taken this quiz